Guts and Blackpowder Private Items - Statistics

General Stats
  • This quiz has been taken 84 times
    65 since last reset
  • The average score is 11 of 13
Answer Stats
Shop Price Answer % Correct
Free Musket
100%
300 Francs Carbine
98%
10000 Francs Air Rifle
97%
400 Francs Rifle
93%
Free Sabre
93%
500 Francs Heavy Sabre
90%
250 Francs Tar Bottle
90%
50 Francs Water Bucket
90%
700 Francs Horse Artillery Pistol
86%
250 Francs Grenades
84%
700 Francs Lance/Pike
78%
250 Francs Hand Axe
76%
100 Francs Air Canister
53%
No matching quizzes found
Score Distribution
Percent of People with Each Score
Percentile by Number Answered
Your Score History
You have not taken this quiz since the last reset